000 00643nam a22002177a 4500
999 _c6416
_d6416
001 1267
003 BD-DhUAP
005 20201231101112.0
008 201231s1995 nyu||||| |||| 00| 0 eng d
040 _aBD-DhUAP
_bEng
_cBD-DhUAP
_dBD-DhUAP
082 _223
_a330.95492 BAN
245 _aBangladesh :
_bfrom stabilization to growth.
260 _aWashington :
_bThe World Bank,
_c©1994.
300 _a239 pages ;
_c28 cm.
490 _aWorld Bank country study.
650 _aInvestments
_zBangladesh.
650 _aEconomic stabilization
_zBangladesh.
650 _aPrivatization
_zBangladesh.
710 _aWorld Bank.
942 _2ddc
_cBK